Oramas / (Record no. 9588)
[ view plain ]
| 000 -LEADER | |
|---|---|
| campo de control de longitud fija | 01002nam a2200277 i 4500 |
| 001 - NÚMERO DE CONTROL | |
| campo de control | 9588 |
| 003 - IDENTIFICADOR DE NÚMERO DE CONTROL | |
| campo de control | ES-MaACL |
| 005 - FECHA Y HORA DE LA ÚLTIMA TRANSACCIÓN | |
| campo de control | 20230906145720.0 |
| 007 - CAMPO FIJO DE DESCRIPCIÓN FÍSICA--INFORMACIÓN GENERAL | |
| campo de control de longitud fija | t| |
| 008 - DATOS DE LONGITUD FIJA--INFORMACIÓN GENERAL | |
| campo de control de longitud fija | 931110s1991 sp ||||1| spa d |
| 020 ## - NÚMERO INTERNACIONAL ESTÁNDAR DEL LIBRO | |
| Número Internacional Estándar del Libro | 84-7947-051-8 |
| 080 ## - NÚMERO DE LA CLASIFICACIÓN DECIMAL UNIVERSAL | |
| Número de la Clasificación Decimal Universal | 7 Oramas, José Jorge |
| 080 ## - NÚMERO DE LA CLASIFICACIÓN DECIMAL UNIVERSAL | |
| Número de la Clasificación Decimal Universal | 75(46)"1911/1935" Oramas, José Jorge |
| 100 1# - ENTRADA PRINCIPAL--NOMBRE DE PERSONA | |
| Nombre de persona | Oramas, José Jorge. |
| 9 (RLIN) | 87146 |
| 245 10 - MENCIÓN DEL TÍTULO | |
| Título | Oramas / |
| Mención de responsabilidad, etc. | José Jorge Oramas ; [estudio crítico de] Josefa Alicia Jiménez Doreste. |
| 260 ## - PUBLICACIÓN, DISTRIBUCIÓN, ETC. | |
| Lugar de publicación, distribución, etc. | [Santa Cruz de Tenerife] : |
| Nombre del editor, distribuidor, etc. | Viceconsejería de Cultura y Deportes, |
| Fecha de publicación, distribución, etc. | D.L. 1991. |
| 300 ## - DESCRIPCIÓN FÍSICA | |
| Extensión | 103 p. : |
| Otras características físicas | il. col. y n. ; |
| Dimensiones | 28 cm. |
| 490 1# - MENCIÓN DE SERIE | |
| Mención de serie | Biblioteca de artistas canarios ; |
| Designación de volumen o secuencia | 2 |
| 504 ## - NOTA DE BIBLIOGRAFÍA, ETC. | |
| Nota de bibliografía, etc. | Bibliogr.: p. 99-103. |
| 600 14 - PUNTO DE ACCESO ADICIONAL DE MATERIA--NOMBRE DE PERSONA | |
| Nombre de persona | Oramas, José Jorge. |
| 9 (RLIN) | 87146 |
| 700 1# - ENTRADA AGREGADA--NOMBRE PERSONAL | |
| Nombre de persona | Jiménez Doreste, Josefa Alicia. |
| 9 (RLIN) | 66517 |
| 710 1# - ENTRADA AGREGADA--NOMBRE DE ENTIDAD CORPORATIVA | |
| Nombre de entidad corporativa o nombre de jurisdicción como elemento de entrada | Canarias. |
| Unidad subordinada | Viceconsejería de Cultura y Deportes. |
| 9 (RLIN) | 2427 |
| 830 0# - PUNTO DE ACCESO ADICIONAL DE SERIE-TÍTULO UNIFORME | |
| Título uniforme | Biblioteca de artistas canarios ; |
| Designación de volumen o secuencia | 2 |
| 9 (RLIN) | 178553 |
| 852 ## - LOCALIZACIÓN | |
| Ubicación | ES-MaACL |
| Número de control de estantería | L-17167 |
| Sublocalización o colección | R.122068 |
| Estatus retirado | Estado de pérdida | Estado de daño | No para préstamo | Biblioteca de origen | Biblioteca actual | Ubicación en estantería | Fecha de adquisición | Fuente de adquisición | Total de préstamos | Signatura topográfica completa | Código de barras | Visto por última vez | Precio de reemplazo | Tipo de ítem Koha |
|---|---|---|---|---|---|---|---|---|---|---|---|---|---|---|
| Biblioteca del Ateneo de Madrid | Biblioteca del Ateneo de Madrid | Depósito 2 | 17/01/2008 | L-17167 | 1009784 | 23/02/2023 | 23/02/2023 | Libro impreso |
